000 00580nam a2200181Ia 4500
008 100920s9999 xx 000 0 und d
082 _b66472
_a891.464 थ 94
100 _aभुर्के श्याम.
245 _aपुणं-एक साठवण.
260 _bसन पब्लिकेशन्स, पुणे 30.
_c1994
300 _a175
_bसाधी
365 _b65
520 _aनिबंध.
630 _aपुणं-एक साठवण.
650 _aनिबंध.
730 _aपुणं-एक साठवण.
942 _cBOOK
999 _c709084
_d709081